Składy z finału Euro 2020 - Statystyki

Ogólne statystyki
  • Ten quiz został rozwiązany 82 razy
  • Średni wynik to 18 z 35
Statystyki odpowiedzi
kraj Zawodnik % Poprawnych
Włochy Gianluigi Donnarumma
96%
Anglia Harry Kane
88%
Giorgio Chiellini
79%
Jordan Pickford
77%
Leonardo Bonucci
77%
Federico Chiesa
75%
trener Anglii Gareth Southgate
69%
Bukayo Saka
67%
Marcus Rashford
65%
Harry Maguire
64%
Luke Shaw
63%
Kyle Walker
61%
John Stones
60%
Lorenzo Insigne
57%
Nicolò Barella
56%
Ciro Immobile
55%
Declan Rice
53%
trener Włoch Roberto Mancini
53%
Jorginho
49%
Raheem Sterling
49%
Giovanni Di Lorenzo
48%
Jordan Henderson
44%
Jadon Sancho
43%
Andrea Belotti
40%
Marco Verratti
37%
Domenico Berardi
33%
Kieran Trippier
33%
Manuel Locatelli
32%
Jack Grealish
28%
Kalvin Phillips
27%
Emerson
25%
Federico Bernardeschi
25%
Mason Mount
25%
Alessandro Florenzi
19%
Bryan Cristante
9%
Nie znaleziono quizów pasujących do podanych kryteriów
Rozkład punktacji
Procent ludzi z każdym wynikiem
Percentyl według liczby udzielonych odpowiedzi
Twoja historia wyników
Nie rozwiązałeś tego quizu